<?xml version="1.0" encoding="UTF-8"?>
<record
    xmlns:xsi="http://www.w3.org/2001/XMLSchema-instance"
    xsi:schemaLocation="http://www.loc.gov/MARC21/slim http://www.loc.gov/standards/marcxml/schema/MARC21slim.xsd"
    xmlns="http://www.loc.gov/MARC21/slim">

  <leader>00967nam a22002897a 4500</leader>
  <datafield tag="952" ind1=" " ind2=" ">
    <subfield code="a">0001</subfield>
    <subfield code="b">0001</subfield>
    <subfield code="d">2021-08-13</subfield>
    <subfield code="l">0</subfield>
    <subfield code="o">956.102 T86t 1992</subfield>
    <subfield code="p">019973</subfield>
    <subfield code="r">2021-08-13 00:00:00</subfield>
    <subfield code="t">c.2</subfield>
    <subfield code="w">2021-08-13</subfield>
    <subfield code="x">Emin De&#x11F;er Ba&#x11F;&#x131;&#x15F;&#x131;d&#x131;r.</subfield>
    <subfield code="y">BKS</subfield>
  </datafield>
  <datafield tag="999" ind1=" " ind2=" ">
    <subfield code="c">14478</subfield>
    <subfield code="d">14478</subfield>
  </datafield>
  <controlfield tag="003">MIRAKIL</controlfield>
  <controlfield tag="005">20210813143349.0</controlfield>
  <controlfield tag="008">210813b        tu ||||| |||| 00| 0 tur d</controlfield>
  <datafield tag="020" ind1=" " ind2=" ">
    <subfield code="a">9754942781 (tk.)</subfield>
  </datafield>
  <datafield tag="020" ind1=" " ind2=" ">
    <subfield code="a">9754943036 (2c)</subfield>
  </datafield>
  <datafield tag="040" ind1=" " ind2=" ">
    <subfield code="a">TR-AnCHP</subfield>
    <subfield code="b">tur</subfield>
    <subfield code="c">TR-AnCHP</subfield>
  </datafield>
  <datafield tag="041" ind1=" " ind2=" ">
    <subfield code="a">Tur</subfield>
  </datafield>
  <datafield tag="082" ind1=" " ind2=" ">
    <subfield code="a">956.102</subfield>
    <subfield code="b">T86t 1992</subfield>
  </datafield>
  <datafield tag="100" ind1="1" ind2=" ">
    <subfield code="a">Turan, &#x15E;erafettin</subfield>
    <subfield code="d">1925-2015</subfield>
  </datafield>
  <datafield tag="245" ind1=" " ind2=" ">
    <subfield code="a">T&#xFC;rk devrim tarihi:</subfield>
    <subfield code="b">Ulusal direni&#x15F;ten T&#xFC;rkiye Cumhuriyeti'ne/</subfield>
    <subfield code="c">&#x15E;erafettin Turan.</subfield>
  </datafield>
  <datafield tag="246" ind1=" " ind2=" ">
    <subfield code="a">Ulusal direni&#x15F;ten T&#xFC;rkiye Cumhuriyeti'ne</subfield>
  </datafield>
  <datafield tag="260" ind1=" " ind2=" ">
    <subfield code="a">Ankara:</subfield>
    <subfield code="b">Bilgi Yay&#x131;nevi,</subfield>
    <subfield code="c">1992.</subfield>
  </datafield>
  <datafield tag="300" ind1=" " ind2=" ">
    <subfield code="a">341 s.:</subfield>
    <subfield code="c">23 sm.</subfield>
  </datafield>
  <datafield tag="490" ind1="0" ind2=" ">
    <subfield code="a">Bilgi Yay&#x131;nlar&#x131;;</subfield>
    <subfield code="a">&#xD6;zel Dizi;</subfield>
    <subfield code="v">28/2.</subfield>
  </datafield>
  <datafield tag="504" ind1=" " ind2=" ">
    <subfield code="a">Kaynak&#xE7;a ve dizin vard&#x131;r.</subfield>
  </datafield>
  <datafield tag="651" ind1=" " ind2=" ">
    <subfield code="a">T&#xFC;rkiye</subfield>
    <subfield code="x">Tarih</subfield>
    <subfield code="x">Devrim</subfield>
    <subfield code="y">Kurtulu&#x15F; Sava&#x15F;&#x131;, 1918-1923</subfield>
  </datafield>
  <datafield tag="651" ind1=" " ind2=" ">
    <subfield code="a">T&#xFC;rkiye</subfield>
    <subfield code="x">Tarih</subfield>
  </datafield>
  <datafield tag="651" ind1=" " ind2=" ">
    <subfield code="a">T&#xFC;rkiye</subfield>
    <subfield code="x">Siyaset ve y&#xF6;netim </subfield>
    <subfield code="y">Tarih</subfield>
  </datafield>
  <datafield tag="740" ind1=" " ind2=" ">
    <subfield code="a">Ulusal direni&#x15F;ten T&#xFC;rkiye Cumhuriyeti'ne</subfield>
  </datafield>
  <datafield tag="942" ind1=" " ind2=" ">
    <subfield code="2">ddc</subfield>
    <subfield code="c">BKS</subfield>
  </datafield>
  <datafield tag="999" ind1=" " ind2=" ">
    <subfield code="d">14478</subfield>
  </datafield>
</record>
